| 000 | 01107nas1a22003011i 4500 | ||
|---|---|---|---|
| 001 | RU\NLR\Per\696919 | ||
| 005 | 20240921161551.0 | ||
| 011 | _a2079-5165 | ||
| 035 | _a(NLR Aleph) 002944663 | ||
| 090 |
_a3831379 _c3831379 |
||
| 100 | _a20100803a20109999|||y0rusy50 ca | ||
| 101 | 0 | _arus | |
| 102 | _aRU | ||
| 110 | _aah||||||||| | ||
| 200 | 1 |
_aНаука и технологические разработки _dScience and technological developments _eНТР _zeng |
|
| 207 | 0 | _aТ. 89, № 1 (2010) - | |
| 210 |
_aМосква _c[б. и.] _d2010 - |
||
| 311 | _aРанее выходил как: Наука и технология в России : НТР, ISSN 2073-9559 | ||
| 430 | 0 |
_12001#$aНаука и технология в России _tНаука и технология в России |
|
| 510 | 1 |
_aScience and technological developments _zeng |
|
| 531 | _aНТР | ||
| 606 | 1 |
_aНаука _jПериодические издания _91063426 _3RU\NLR\AUTH\6694640 |
|
| 686 | 1 | _aЧ21Я54 | |
| 852 |
_aNLR _jП2/942 |
||
| 942 | _cJOURNAL | ||
| 980 | _aRUSPER | ||